000 00628cam a2200193 a 4500
001 4491264
005 20250717105301.0
008 970916s1997 pau b 001 0 eng
020 _a1563382210
_qpbk. : alk. paper
020 _a9781563382215
_q(pbk. : alk. paper)
050 0 0 _aBS2625.3
_b.K44 1997
082 0 0 _a226.6/077
_221
100 1 _aKee, Howard Clark.
245 1 0 _aTo every nation under Heaven :
_bthe Acts of the Apostles /
_cHoward Clark Kee.
260 _aHarrisburg, Pa. :
_bTrinity Press International,
_cc1997.
300 _avi, 361 p. ;
_c22 cm.
440 4 _aThe New Testament in context
942 _2lcc
_cBK
_n0
999 _c7023
_d7023